I can dare to be an achiever. (Record no. 12642)

000 -LEADER
fixed length control field 00540nam a2200181 a 4500
001 - CONTROL NUMBER
control field :::00010451$&:&@@
003 - CONTROL NUMBER IDENTIFIER
control field OkBaRHE
005 - DATE AND TIME OF LATEST TRANSACTION
control field 20000607103359.0
008 - FIXED-LENGTH DATA ELEMENTS--GENERAL INFORMATION
fixed length control field s1984 j 000 0 eng u
040 ## - CATALOGING SOURCE
Transcribing agency
100 1# - MAIN ENTRY--PERSONAL NAME
Personal name Hickey, Marilyn.
245 10 - TITLE STATEMENT
Title I can dare to be an achiever.
260 ## - PUBLICATION, DISTRIBUTION, ETC. (IMPRINT)
Place of publication, distribution, etc Denver, CO., :
Name of publisher, distributor, etc Marilyn Hickey Ministries
Date of publication, distribution, etc 1984
300 ## - PHYSICAL DESCRIPTION
Extent 35 p. ;
Dimensions : 14 cm.
650 ## - SUBJECT ADDED ENTRY--TOPICAL TERM
Topical term or geographic name as entry element Christian Life
942 ## - ADDED ENTRY ELEMENTS (KOHA)
Source of classification or shelving scheme
Koha item type Books
Copies
Koha item type Shelving location Full call number Not for loan Withdrawn status Barcode Price effective from Copy number Date last seen Lost status Permanent Location Source of classification or shelving scheme Damaged status Date acquired
BooksGeneral StacksBV 4501 .H5  104512010-04-1412010-04-14 RHEMA Bible Training College  2010-04-14